000 00607cam a22002053a 4500
001 42579
003 PGUSA
005 20140828083950.0
008 130422s2013||||xxu|||||s|||||000 | eng d
040 _aPGUSA
_beng
042 _adc
100 1 _aJames, George Wharton,
_d1858-1923
245 1 0 _aScenic Mount Lowe and Its Wonderful Railway
_h[electronic resource] /
_cGeorge Wharton James
260 _bProject Gutenberg,
_c2013
506 _aPublic domain in the USA.
516 _aElectronic text
830 0 _aProject Gutenberg
_v42579
856 4 0 _uhttp://www.gutenberg.org/ebooks/42579
942 _cEB
999 _c271831
_d271831